[Event "Aurora Fall op"]
[Site "Aurora CAN"]
[Date "2014.10.04"]
[Round "1"]
[White "Song, Michael"]
[Black "Lei, Sean"]
[Result "1-0"]
[WhiteElo "2181"]
[BlackElo "1733"]
[PlyCount "71"]
[GameId "2160767909035546"]
[EventDate "2014.10.04"]
[EventType "swiss"]
[EventRounds "5"]
[EventCountry "CAN"]
[SourceTitle "CBM 162 Extra"]
[Source "ChessBase"]
[SourceDate "2014.10.17"]
[SourceVersion "1"]
[SourceVersionDate "2014.10.17"]
[SourceQuality "1"]

1. d4 Nf6 2. c4 c5 3. d5 b5 4. cxb5 a6 5. bxa6 g6 6. Nc3 Bxa6 7. g3 Bg7 8. Bg2 d6 9. Nf3 O-O 10. O-O Nbd7 11. Rb1 Qa5 12. Bd2 Rfb8 13. b3 Ng4 14. Qc2 Nge5 15. Ne1 Qc7 16. h3 Nb6 17. a4 Ra7 18. Qd1 Rab7 19. Nc2 Nc8 20. Na3 Na7 21. Re1 Nd7 22. Bf1 Qc8 23. Kh2 Nb6 24. e4 Bxf1 25. Rxf1 Na8 26. Qc2 Nc7 27. f4 Qd7 28. Rfd1 f5 29. Re1 Kf8 30. Nc4 fxe4 31. Rxe4 Bxc3 32. Qxc3 Kf7 33. Qf3 Nc8 34. f5 Kg8 35. fxg6 hxg6 36. Rg4 1-0

[Event "Guelph Fall ProAm"]
[Site "Guelph CAN"]
[Date "2011.11.05"]
[Round "1"]
[White "Plotkin, Victor"]
[Black "Song, Michael"]
[Result "1/2-1/2"]
[WhiteElo "2377"]
[BlackElo "2090"]
[PlyCount "65"]
[GameId "2160767909573677"]
[EventDate "2011.11.05"]
[EventType "swiss"]
[EventRounds "5"]
[EventCountry "CAN"]
[SourceTitle "EXT 2022"]
[Source "ChessBase"]
[SourceDate "2021.10.06"]
[SourceVersion "1"]
[SourceVersionDate "2021.10.06"]
[SourceQuality "1"]

1. e4 c5 2. c3 g6 3. d4 cxd4 4. cxd4 d5 5. exd5 Nf6 6. Bb5+ Nbd7 7. Nc3 Bg7 8. d6 exd6 9. Qe2+ Qe7 10. Qxe7+ Kxe7 11. Nf3 Nb6 12. O-O h6 13. Bf4 Be6 14. Rfe1 Rac8 15. Rac1 Rhd8 16. h3 a6 17. Bd3 Nbd5 18. Bd2 Kd7 19. b3 Nxc3 20. Bxc3 Nd5 21. Bd2 Rxc1 22. Rxc1 Rc8 23. Rxc8 Kxc8 24. Kh2 Ne7 25. Be3 Bd5 26. Ne1 Nc6 27. Nc2 a5 28. f3 Kd7 29. Bb5 Ke6 30. Kg1 h5 31. Kf2 Na7 32. Bd3 Nc6 33. Bb5 1/2-1/2

[Event "Guelph Fall ProAm"]
[Site "Guelph CAN"]
[Date "2011.11.05"]
[Round "2"]
[White "Song, Michael"]
[Black "Dougherty, Michael"]
[Result "0-1"]
[WhiteElo "2090"]
[BlackElo "2305"]
[PlyCount "72"]
[GameId "2160767909573684"]
[EventDate "2011.11.05"]
[EventType "swiss"]
[EventRounds "5"]
[EventCountry "CAN"]
[SourceTitle "EXT 2022"]
[Source "ChessBase"]
[SourceDate "2021.10.06"]
[SourceVersion "1"]
[SourceVersionDate "2021.10.06"]
[SourceQuality "1"]

1. Nf3 g6 2. g3 Bg7 3. Bg2 c5 4. c4 Nc6 5. O-O e5 6. Nc3 Nge7 7. d3 O-O 8. e4 d6 9. Rb1 h6 10. a3 a5 11. Ne1 f5 12. f4 exf4 13. Bxf4 g5 14. Bd2 Ne5 15. Nd5 Nxd5 16. exd5 Bd7 17. Bc3 b5 18. b3 Qb6 19. Kh1 b4 20. Bxe5 Bxe5 21. a4 Rae8 22. Qh5 Bg7 23. Nc2 Qd8 24. Rbe1 Rxe1 25. Nxe1 Qf6 26. Qd1 Re8 27. Nf3 Qc3 28. Re1 Rxe1+ 29. Nxe1 g4 30. Kg1 Be5 31. Kf1 f4 32. gxf4 Bxf4 33. Qe2 Qe5 34. Qxe5 Bxe5 35. Kg1 Bd4+ 36. Kf1 Bxa4 0-1

[Event "Guelph Fall ProAm"]
[Site "Guelph CAN"]
[Date "2011.11.06"]
[Round "4"]
[White "Song, Michael"]
[Black "Filipovich, David"]
[Result "1/2-1/2"]
[WhiteElo "2090"]
[BlackElo "2223"]
[PlyCount "56"]
[GameId "2160767909573699"]
[EventDate "2011.11.05"]
[EventType "swiss"]
[EventRounds "5"]
[EventCountry "CAN"]
[SourceTitle "EXT 2022"]
[Source "ChessBase"]
[SourceDate "2021.10.06"]
[SourceVersion "1"]
[SourceVersionDate "2021.10.06"]
[SourceQuality "1"]

1. d4 g6 2. Nf3 Bg7 3. g3 c5 4. dxc5 Na6 5. Bg2 Nxc5 6. O-O d6 7. c3 Nf6 8. Nbd2 O-O 9. b4 Nce4 10. Bb2 d5 11. h3 Qb6 12. e3 a5 13. a3 Rd8 14. Rc1 Bd7 15. Qb3 Nd6 16. Rfe1 Rac8 17. Bf1 Bb5 18. c4 dxc4 19. Nxc4 Nxc4 20. Bxc4 Bxc4 21. Rxc4 Rxc4 22. Qxc4 axb4 23. axb4 Ne8 24. Bxg7 Kxg7 25. Rc1 Nd6 26. Qc3+ Kg8 27. Qc7 Qxc7 28. Rxc7 Kf8 1/2-1/2

[Event "Scarborough CC Falling Leaves"]
[Site "Toronto CAN"]
[Date "2011.12.01"]
[Round "5"]
[White "Lin, Tony (Juntao)"]
[Black "Song, Michael"]
[Result "0-1"]
[WhiteElo "2024"]
[BlackElo "2090"]
[PlyCount "112"]
[GameId "2160767909639376"]
[EventDate "2011.11.03"]
[EventType "swiss"]
[EventRounds "7"]
[EventCountry "CAN"]

1. d4 Nf6 2. Nf3 g6 3. Bf4 Bg7 4. e3 O-O 5. h3 d6 6. Be2 Nc6 7. O-O Nd7 8. c4 e5 9. Bh2 f5 10. Nc3 Kh8 11. Rc1 g5 12. d5 Ncb8 13. Nd2 a5 14. a3 Na6 15. Nb3 b6 16. Kh1 Nac5 17. Nxc5 bxc5 18. f4 Rb8 19. Qc2 gxf4 20. exf4 e4 21. g4 Nf6 22. g5 Ng8 23. Bg3 Ne7 24. Rcd1 c6 25. Bf2 cxd5 26. cxd5 Bd7 27. Bc4 Ng6 28. Bg3 Qb6 29. b3 Ne7 30. a4 Nc8 31. Be1 Ra8 32. Nb5 Na7 33. Nxa7 Rxa7 34. Bc3 Bc8 35. Bxg7+ Rxg7 36. Qe2 Qb4 37. Kg2 Bd7 38. h4 Rb8 39. Qd2 Bxa4 40. Qxb4 Rxb4 41. Ra1 Bxb3 42. Bxb3 Rxb3 43. Rxa5 Rd7 44. Rfa1 Rf3 45. Ra8+ Kg7 46. Re8 Rxf4 47. Raa8 Kg6 48. Re6+ Kh5 49. Rh6+ Kg4 50. Ra3 Rf3 51. Rxf3 exf3+ 52. Kf2 f4 53. g6 hxg6 54. Rxg6+ Kf5 55. Rg5+ Ke4 56. h5 Ra7 0-1

[Event "Scarborough CC Falling Leaves"]
[Site "Toronto CAN"]
[Date "2011.12.08"]
[Round "6"]
[White "Song, Michael"]
[Black "Picana, Andrew"]
[Result "1-0"]
[WhiteElo "2090"]
[BlackElo "2055"]
[PlyCount "157"]
[GameId "2160767909639389"]
[EventDate "2011.11.03"]
[EventType "swiss"]
[EventRounds "7"]
[EventCountry "CAN"]

1. Nf3 Nf6 2. d4 e6 3. c4 d5 4. g3 Be7 5. Bg2 O-O 6. Qc2 Nbd7 7. O-O Re8 8. b3 c6 9. Bb2 Ne4 10. Ne5 f5 11. Nxd7 Bxd7 12. f3 Nd6 13. Nd2 Rc8 14. e4 Nf7 15. c5 Bg5 16. f4 Bh6 17. exf5 exf5 18. Nf3 g6 19. Rab1 Qc7 20. b4 Bg7 21. Ne5 Be6 22. Bc3 b5 23. a4 Bxe5 24. fxe5 a6 25. Ra1 Ra8 26. Ra3 Ra7 27. Rfa1 Rb7 28. axb5 axb5 29. Bd2 Kg7 30. Qc1 Qe7 31. Ra6 Rc7 32. Qa3 Rec8 33. Rb6 Nd8 34. Qc1 Nf7 35. Raa6 h6 36. Bf1 Bd7 37. e6 Qxe6 38. Bf4 Qe4 39. Qc3 Be8 40. Bxc7 Rxc7 41. Qd3 Ng5 42. Ra3 Re7 43. Qxe4 fxe4 44. Bg2 Ne6 45. Rba6 Nxd4 46. Ra7 Kf6 47. Rxe7 Kxe7 48. Kf2 Kf6 49. Ra2 Bd7 50. h3 h5 51. Ra7 Be6 52. Ra6 Ke5 53. Bf1 Bd7 54. Ra7 Bf5 55. Re7+ Be6 56. Rc7 g5 57. Rg7 Kf6 58. Rc7 h4 59. g4 Ke5 60. Rg7 Kf4 61. Rg6 e3+ 62. Ke1 Kg3 63. Rf6 Bd7 64. Rf7 Bc8 65. Rf6 Bxg4 66. hxg4 Kxg4 67. Kd1 Kg3 68. Rg6 g4 69. Be2 Nf3 70. Rxc6 h3 71. Rh6 Nh4 72. Rf6 h2 73. Rf1 Nf5 74. c6 Kg2 75. c7 Ne7 76. Ke1 h1=Q 77. Rxh1 Kxh1 78. Bxg4 d4 79. Ke2 1-0

[Event "Scarborough CC Howard Ridout"]
[Site "Toronto CAN"]
[Date "2011.09.08"]
[Round "1"]
[White "Paterson, Jim"]
[Black "Song, Michael"]
[Result "1/2-1/2"]
[WhiteElo "1827"]
[BlackElo "2120"]
[PlyCount "92"]
[GameId "2160767909648579"]
[EventDate "2011.09.08"]
[EventType "swiss"]
[EventRounds "6"]
[EventCountry "CAN"]

1. d4 Nf6 2. Nf3 g6 3. g3 Bg7 4. Bg2 O-O 5. c4 c5 6. d5 b5 7. Nbd2 d6 8. O-O bxc4 9. Nxc4 Nbd7 10. Re1 Nb6 11. Nxb6 Qxb6 12. e4 Ba6 13. Qc2 Rab8 14. Rb1 Qb5 15. Bf1 Qb7 16. Bxa6 Qxa6 17. a3 Nd7 18. Bf4 Nb6 19. Bg5 Rfe8 20. Bd2 Rb7 21. Bc3 Bxc3 22. Qxc3 Qc4 23. Qe3 Kg7 24. Ng5 h6 25. Nf3 Reb8 26. Nd2 Qa6 27. Rec1 f6 28. b4 Nd7 29. bxc5 Nxc5 30. Rxb7 Rxb7 31. Rb1 Rxb1+ 32. Nxb1 Qc4 33. f3 Qc2 34. Nd2 a5 35. f4 Qb2 36. e5 Qa1+ 37. Kg2 fxe5 38. fxe5 Qa2 39. exd6 Qxd5+ 40. Nf3 Qxd6 41. Qc3+ Kf7 42. Qxa5 e5 43. Qa7+ Kf6 44. Qh7 h5 45. Qh8+ Kf5 46. Qe8 Nd3 1/2-1/2

[Event "Scarborough CC Howard Ridout"]
[Site "Toronto CAN"]
[Date "2011.09.15"]
[Round "2"]
[White "Song, Michael"]
[Black "Bao, Stephen"]
[Result "1-0"]
[WhiteElo "2120"]
[BlackElo "1820"]
[PlyCount "71"]
[GameId "2160767909648588"]
[EventDate "2011.09.08"]
[EventType "swiss"]
[EventRounds "6"]
[EventCountry "CAN"]

1. Nf3 d5 2. g3 Nf6 3. Bg2 Bg4 4. O-O c6 5. d3 Nbd7 6. Nbd2 e6 7. b3 Be7 8. Bb2 O-O 9. c4 a5 10. Qc2 Qb6 11. h3 Bh5 12. Rab1 Qa7 13. g4 Bg6 14. Nh4 Bc5 15. Nxg6 hxg6 16. Nf3 Rfe8 17. d4 Bf8 18. Ne5 Nxe5 19. dxe5 Nd7 20. Kh1 Be7 21. f4 Kh7 22. Rf3 f5 23. exf6 Bxf6 24. h4 Nc5 25. Rh3 Bxb2 26. Rxb2 Ne4 27. Bxe4 dxe4 28. Qxe4 Qf2 29. Rb1 Re7 30. h5 Rf8 31. hxg6+ Kg8 32. Rd1 Rxf4 33. Qxf4 Qxf4 34. Rd8+ Qf8 35. Rh8+ Kxh8 36. Rxf8# 1-0

[Event "Scarborough CC Howard Ridout"]
[Site "Toronto CAN"]
[Date "2011.09.29"]
[Round "3"]
[White "Bellissimo, Joseph"]
[Black "Song, Michael"]
[Result "0-1"]
[WhiteElo "1895"]
[BlackElo "2120"]
[PlyCount "104"]
[GameId "2160767909648591"]
[EventDate "2011.09.08"]
[EventType "swiss"]
[EventRounds "6"]
[EventCountry "CAN"]

1. e4 c5 2. Nf3 Nc6 3. d4 cxd4 4. Nxd4 Nf6 5. Nc3 e5 6. Nf5 d6 7. Bg5 Bxf5 8. exf5 Be7 9. Bc4 O-O 10. Qd2 Nd4 11. Qd3 Rc8 12. Bxf6 Bxf6 13. Bd5 b5 14. a3 a5 15. Bf3 a4 16. Bd5 Qd7 17. Be4 Rc5 18. Rg1 Rfc8 19. Qd2 Bd8 20. g4 Ba5 21. Rg3 Qc7 22. f6 Rxc3 23. bxc3 Bxc3 24. Rxc3 Qxc3 25. Qxc3 Rxc3 26. Kd2 Rh3 27. fxg7 Kxg7 28. Rh1 Rxa3 29. h4 b4 30. h5 h6 31. Rb1 b3 32. c3 Ra2+ 33. Ke3 Ne6 34. Bc6 Nc5 35. Bd5 Rc2 36. c4 a3 37. Be4 Nxe4 38. Rxb3 Rc3+ 39. Rxc3 Nxc3 40. Kd3 a2 41. Kxc3 a1=Q+ 42. Kb3 Qd4 43. f3 d5 44. c5 Qc4+ 45. Kb2 d4 46. g5 d3 47. gxh6+ Kxh6 48. Ka1 d2 49. Kb2 d1=B 50. Ka1 Qb3 51. c6 Bc2 52. f4 Qa3# 0-1

[Event "Scarborough CC Howard Ridout"]
[Site "Toronto CAN"]
[Date "2011.10.13"]
[Round "4"]
[White "Song, Michael"]
[Black "Lamb, Bryan"]
[Result "0-1"]
[WhiteElo "2120"]
[BlackElo "2145"]
[PlyCount "50"]
[GameId "2160767909648606"]
[EventDate "2011.09.08"]
[EventType "swiss"]
[EventRounds "6"]
[EventCountry "CAN"]

1. d4 Nf6 2. c4 e6 3. g3 c5 4. d5 exd5 5. cxd5 Bd6 6. Nc3 O-O 7. Bg2 a6 8. a4 Bc7 9. d6 Ba5 10. Nf3 b5 11. Nd2 Nc6 12. axb5 axb5 13. O-O Re8 14. Nb3 b4 15. Nd5 Nxd5 16. Bxd5 Ba6 17. Be3 Bb6 18. Nxc5 Bxc5 19. Bxc5 Bxe2 20. Rxa8 Qxa8 21. Qb3 Bxf1 22. Bxf7+ Kh8 23. Kxf1 Na5 24. Qd5 Qxd5 25. Bxd5 Re5 0-1

[Event "CAN-op (Pinnacle 48th CAN Op Ch)"]
[Site "Toronto CAN"]
[Date "2011.07.09"]
[Round "1"]
[White "Posaratnanathan, Juliaan"]
[Black "Song, Michael"]
[Result "0-1"]
[WhiteElo "1902"]
[BlackElo "2216"]
[PlyCount "78"]
[GameId "2160767909706980"]
[EventDate "2011.07.09"]
[EventType "swiss"]
[EventRounds "9"]
[EventCountry "CAN"]
[SourceTitle "hb 2011"]

1. e4 d6 2. d4 Nf6 3. Nc3 e5 4. dxe5 dxe5 5. Qxd8+ Kxd8 6. Bg5 Be6 7. O-O-O+ Nbd7 8. Nf3 Bd6 9. Bb5 Kc8 10. h3 a6 11. Bxd7+ Nxd7 12. Nd5 b5 13. Be7 Bxd5 14. Bxd6 Bxe4 15. Bb4 f6 16. Rhg1 a5 17. Bd2 c6 18. Be3 Kc7 19. Nd2 Bg6 20. g4 Nb6 21. Bxb6+ Kxb6 22. f3 a4 23. Ne4 Rad8 24. Rxd8 Rxd8 25. Rd1 Rxd1+ 26. Kxd1 Bxe4 27. fxe4 Kc5 28. c3 Kd6 29. h4 g6 30. Ke2 Ke6 31. h5 gxh5 32. gxh5 f5 33. exf5+ Kxf5 34. Kf3 h6 35. b3 axb3 36. axb3 c5 37. Ke3 e4 38. Ke2 Kf4 39. Ke1 Ke3 0-1

[Event "CAN-op (Pinnacle 48th CAN Op Ch)"]
[Site "Toronto CAN"]
[Date "2011.07.12"]
[Round "4"]
[White "Morabito, Matthew"]
[Black "Song, Michael"]
[Result "0-1"]
[WhiteElo "2016"]
[BlackElo "2216"]
[PlyCount "78"]
[GameId "2160767909707177"]
[EventDate "2011.07.09"]
[EventType "swiss"]
[EventRounds "9"]
[EventCountry "CAN"]
[SourceTitle "hb 2011"]

1. Nf3 Nf6 2. g3 g6 3. Bg2 Bg7 4. O-O O-O 5. c4 d6 6. Nc3 Nc6 7. d4 a6 8. Bg5 Rb8 9. e3 h6 10. Bxf6 Bxf6 11. Nd5 Bg7 12. Qd2 e6 13. Nf4 Ne7 14. Rab1 e5 15. dxe5 dxe5 16. Nd5 e4 17. Nxe7+ Qxe7 18. Ne1 Rd8 19. Qe2 f5 20. Nc2 Be6 21. Rfd1 Rxd1+ 22. Rxd1 Bxb2 23. Bf1 b5 24. cxb5 axb5 25. Qd2 c5 26. Nb4 cxb4 27. Qxb2 Bc4 28. Rd4 Rc8 29. Qd2 Rc7 30. Rd8+ Kh7 31. Qd4 Qg7 32. Qd6 Ra7 33. Bxc4 bxc4 34. Qxb4 Rc7 35. Qd2 c3 36. Qc2 Qf7 37. a4 Qc4 38. Rd4 Qd3 39. Rxd3 exd3 0-1

[Event "CAN-op (Pinnacle 48th CAN Op Ch)"]
[Site "Toronto CAN"]
[Date "2011.07.13"]
[Round "5"]
[White "Song, Michael"]
[Black "Nicholson, Matthew"]
[Result "1/2-1/2"]
[WhiteElo "2065"]
[BlackElo "1933"]
[PlyCount "71"]
[GameId "2160767909707282"]
[EventDate "2011.07.09"]
[EventType "swiss"]
[EventRounds "9"]
[EventCountry "CAN"]
[SourceTitle "CBM 143 Extra"]
[Source "ChessBase"]
[SourceDate "2011.08.29"]
[SourceVersion "1"]
[SourceVersionDate "2011.08.29"]
[SourceQuality "1"]

1. Nf3 Nf6 2. g3 d5 3. Bg2 Bf5 4. O-O e6 5. d3 Bd6 6. Nbd2 Bg6 7. Re1 O-O 8. b3 e5 9. Bb2 Qe7 10. Nh4 Nbd7 11. Nxg6 hxg6 12. e4 d4 13. Rf1 g5 14. Nf3 Ne8 15. h4 gxh4 16. Nxh4 g6 17. Bc1 Ng7 18. Qd2 Ne6 19. Bh3 b5 20. Qh6 Rfe8 21. f4 exf4 22. gxf4 Qd8 23. Bxe6 Rxe6 24. Ng2 a5 25. Qh3 Bf8 26. f5 Rc6 27. Rf2 a4 28. Ne1 axb3 29. Rh2 Bg7 30. Qh7+ Kf8 31. Bh6 Bxh6 32. Qxh6+ Ke7 33. cxb3 Ne5 34. Qg5+ Kd7 35. Qf4 Qe7 36. a4 1/2-1/2

[Event "CAN-op (Pinnacle 48th CAN Op Ch)"]
[Site "Toronto CAN"]
[Date "2011.07.14"]
[Round "6"]
[White "Kagramanov, Dalia"]
[Black "Song, Michael"]
[Result "1/2-1/2"]
[WhiteElo "1862"]
[BlackElo "2065"]
[PlyCount "54"]
[GameId "2160767909707318"]
[EventDate "2011.07.09"]
[EventType "swiss"]
[EventRounds "9"]
[EventCountry "CAN"]
[SourceTitle "CBM 143 Extra"]
[Source "ChessBase"]
[SourceDate "2011.08.29"]
[SourceVersion "1"]
[SourceVersionDate "2011.08.29"]
[SourceQuality "1"]

1. e4 c5 2. Nf3 g6 3. d4 Bg7 4. c3 cxd4 5. cxd4 d5 6. e5 Bg4 7. Be2 Nc6 8. Nc3 Bxf3 9. Bxf3 e6 10. Be2 Nge7 11. Be3 O-O 12. O-O Nf5 13. Qd2 Nxe5 14. dxe5 d4 15. Bg5 dxc3 16. Qxd8 Rfxd8 17. Bxd8 Rxd8 18. bxc3 Bxe5 19. Rac1 Rd2 20. Bc4 Nd6 21. Bb3 Nb5 22. Rfd1 Bxc3 23. Rxd2 Bxd2 24. Rc8+ Kg7 25. Rd8 Bb4 26. Rd7 Nd6 27. Bd1 Kf8 1/2-1/2

[Event "CAN-op (Pinnacle 48th CAN Op Ch)"]
[Site "Toronto CAN"]
[Date "2011.07.15"]
[Round "7"]
[White "Song, Michael"]
[Black "Longo, Tyler"]
[Result "0-1"]
[WhiteElo "2216"]
[BlackElo "2087"]
[PlyCount "110"]
[GameId "2160767909707426"]
[EventDate "2011.07.09"]
[EventType "swiss"]
[EventRounds "9"]
[EventCountry "CAN"]

1. c4 Nf6 2. Nc3 e6 3. d4 Bb4 4. a3 Bxc3+ 5. bxc3 b6 6. f3 d5 7. cxd5 exd5 8. Bg5 Qd6 9. Qc2 Bb7 10. e3 O-O 11. Bd3 h6 12. Bf4 Qe7 13. Kf2 Nh5 14. Bg3 Re8 15. Qd2 c5 16. Ne2 Nc6 17. Bb5 a6 18. Ba4 b5 19. Bc2 Na5 20. Qd3 g6 21. Nf4 Ng7 22. Rae1 Nc4 23. Bb3 cxd4 24. cxd4 Rac8 25. Bxc4 Rxc4 26. Re2 Nf5 27. Rhe1 Rec8 28. Qb3 Rc3 29. Qb4 Qxb4 30. axb4 Rb3 31. e4 dxe4 32. fxe4 Nxd4 33. Rd2 Rc2 34. Rxc2 Nxc2 35. Re2 Nxb4 36. e5 g5 37. Nh5 Nd3+ 38. Kf1 Rb1+ 39. Be1 Rxe1+ 40. Rxe1 Nxe1 41. Kxe1 Bxg2 42. Kd2 a5 43. Kc3 a4 44. Kb4 Bf1 45. Ng3 Bc4 46. Nf5 h5 47. Ng3 Kh7 48. Nxh5 Kg6 49. Ng3 g4 50. Ne4 Kf5 51. Nf6 Be2 52. Nd7 Ke6 53. Nf6 Kxe5 54. Nh5 f5 55. Ng3 Bc4 0-1

[Event "CAN-op (Pinnacle 48th CAN Op Ch)"]
[Site "Toronto CAN"]
[Date "2011.07.16"]
[Round "8"]
[White "Miller, David"]
[Black "Song, Michael"]
[Result "1/2-1/2"]
[WhiteElo "1936"]
[BlackElo "2216"]
[PlyCount "86"]
[GameId "2160767909707479"]
[EventDate "2011.07.09"]
[EventType "swiss"]
[EventRounds "9"]
[EventCountry "CAN"]
[SourceTitle "hb 2011"]

1. e4 c5 2. Nf3 g6 3. d4 Bg7 4. dxc5 Qa5+ 5. c3 Qxc5 6. Be3 Qc7 7. Nd4 a6 8. c4 Nc6 9. Nc3 Nf6 10. f4 d6 11. Be2 O-O 12. Nc2 Na5 13. Qd3 Be6 14. b3 Rfc8 15. Nd4 b5 16. Nd5 bxc4 17. Nxc7 cxd3 18. Nxa8 dxe2 19. Nb6 Rb8 20. Nxe6 fxe6 21. Rc1 Nxe4 22. Na4 d5 23. Kxe2 Kf7 24. Kd3 Nb7 25. Rc6 a5 26. Rhc1 Nbd6 27. Nc5 Nf6 28. Ra6 Ng4 29. Rxa5 Nf5 30. Bg1 e5 31. h3 e4+ 32. Ke2 Ng3+ 33. Kd2 Nf6 34. Bf2 Nf5 35. g4 Nd6 36. Bd4 Nb5 37. Bxf6 exf6 38. a4 Nd4 39. Ra7+ Kg8 40. Rd7 Bh6 41. Ke3 Bxf4+ 42. Kxd4 Bxc1 43. Rxd5 e3 1/2-1/2

[Event "Scarborough CC Spring Into Summer"]
[Site "Toronto CAN"]
[Date "2011.05.19"]
[Round "3"]
[White "Posaratnanathan, Juliaan"]
[Black "Song, Michael"]
[Result "0-1"]
[WhiteElo "1902"]
[BlackElo "2228"]
[PlyCount "90"]
[GameId "2160767909704744"]
[EventDate "2011.04.28"]
[EventType "swiss"]
[EventRounds "9"]
[EventCountry "CAN"]
[SourceTitle "EXT 2022"]
[Source "ChessBase"]
[SourceDate "2021.10.06"]
[SourceVersion "1"]
[SourceVersionDate "2021.10.06"]
[SourceQuality "1"]

1. e4 c5 2. Nf3 Nc6 3. d4 cxd4 4. Nxd4 g6 5. c4 Nf6 6. Nc3 d6 7. Be2 Bg7 8. Be3 O-O 9. O-O Bd7 10. f3 Qb6 11. Na4 Qa5 12. Nc3 Rfc8 13. Nxc6 Bxc6 14. Rb1 a6 15. Qd2 Ne8 16. b4 Qd8 17. Rfc1 b5 18. cxb5 Bxc3 19. Rxc3 Bxb5 20. Rbc1 Rxc3 21. Rxc3 Rc8 22. Bxb5 axb5 23. Qc2 Rxc3 24. Qxc3 Qa8 25. h4 h5 26. Bg5 e5 27. Qd3 Qc6 28. Be3 Kg7 29. Kf2 Nf6 30. Ke2 d5 31. Bg5 d4 32. Bxf6+ Kxf6 33. Kd2 Qa6 34. Qb3 Qc6 35. Qd3 g5 36. hxg5+ Kxg5 37. Ke2 Qe6 38. Qd2+ Kg6 39. Qc2 h4 40. Kd3 h3 41. gxh3 Qxh3 42. Qf2 Qh1 43. Qg3+ Kf6 44. f4 Qf1+ 45. Kd2 Qxf4+ 0-1

[Event "Scarborough CC Spring Into Summer"]
[Site "Toronto CAN"]
[Date "2011.06.02"]
[Round "5"]
[White "Song, Michael"]
[Black "Wu, Kevin"]
[Result "1/2-1/2"]
[WhiteElo "2228"]
[BlackElo "2137"]
[PlyCount "102"]
[GameId "2160767909704757"]
[EventDate "2011.04.28"]
[EventType "swiss"]
[EventRounds "9"]
[EventCountry "CAN"]
[SourceTitle "EXT 2022"]
[Source "ChessBase"]
[SourceDate "2021.10.06"]
[SourceVersion "1"]
[SourceVersionDate "2021.10.06"]
[SourceQuality "1"]

1. d4 Nf6 2. Nf3 g6 3. Bf4 Bg7 4. e3 O-O 5. Be2 d6 6. c4 Nbd7 7. Nc3 Nh5 8. Bg5 h6 9. Bh4 g5 10. Nd2 gxh4 11. Bxh5 e5 12. d5 Qg5 13. Bf3 f5 14. e4 Nc5 15. Qe2 fxe4 16. Ndxe4 Nxe4 17. Nxe4 Qf4 18. h3 a6 19. Qd2 Bf5 20. Qe3 Rab8 21. Rc1 Rbd8 22. b4 c6 23. Ke2 Bg6 24. Rhd1 cxd5 25. Rxd5 b5 26. c5 dxc5 27. Nxc5 Bf7 28. Qxf4 exf4 29. Rxd8 Rxd8 30. Rc2 Bc4+ 31. Ke1 Rd6 32. Bb7 Bd4 33. Nxa6 Rb6 34. Rxc4 bxc4 35. Bd5+ Kh7 36. Bxc4 Bc3+ 37. Ke2 Bxb4 38. Nxb4 Rxb4 39. Bd3+ Kg7 40. Kf3 Kf6 41. Kg4 Rb2 42. a4 Rxf2 43. Be4 Ra2 44. Bc6 Rc2 45. Bf3 Ra2 46. Kxh4 Rxa4 47. Kh5 Kg7 48. Kg4 Kf6 49. Kh5 Kg7 50. Kg4 Kg6 51. Bc6 Rc4 1/2-1/2

[Event "Scarborough CC Spring Into Summer"]
[Site "Toronto CAN"]
[Date "2011.06.09"]
[Round "6"]
[White "Casareno, Erwin"]
[Black "Song, Michael"]
[Result "1-0"]
[WhiteElo "2164"]
[BlackElo "2228"]
[PlyCount "73"]
[GameId "2160767909704758"]
[EventDate "2011.04.28"]
[EventType "swiss"]
[EventRounds "9"]
[EventCountry "CAN"]
[SourceTitle "EXT 2022"]
[Source "ChessBase"]
[SourceDate "2021.10.06"]
[SourceVersion "1"]
[SourceVersionDate "2021.10.06"]
[SourceQuality "1"]

1. e4 c5 2. Nf3 d6 3. d4 cxd4 4. Nxd4 Nf6 5. Nc3 a6 6. Be3 e5 7. Nb3 Be7 8. f3 Be6 9. Nd5 Nxd5 10. exd5 Bf5 11. Bd3 Bh4+ 12. g3 Bg5 13. Bxf5 Bxe3 14. Qd3 Qg5 15. Na5 b5 16. a4 Bd2+ 17. Qxd2 Qxf5 18. O-O O-O 19. c4 Nd7 20. axb5 axb5 21. Nc6 Qf6 22. Rxa8 Rxa8 23. cxb5 Nb6 24. Qf2 Nd7 25. b6 Nc5 26. b4 Nb7 27. Qc2 Qg5 28. Na5 Nd8 29. b7 Rb8 30. Qc7 Qe3+ 31. Kg2 Qa7 32. Nc6 Nxc6 33. dxc6 Rf8 34. Qxd6 f6 35. Qd5+ Kh8 36. c7 Qd4 37. Qxd4 1-0

[Event "Scarborough CC Spring Into Summer"]
[Site "Toronto CAN"]
[Date "2011.06.16"]
[Round "7"]
[White "Song, Michael"]
[Black "Bellissimo, Joseph"]
[Result "1/2-1/2"]
[WhiteElo "2228"]
[BlackElo "1984"]
[PlyCount "114"]
[GameId "2160767909704767"]
[EventDate "2011.04.28"]
[EventType "swiss"]
[EventRounds "9"]
[EventCountry "CAN"]
[SourceTitle "EXT 2022"]
[Source "ChessBase"]
[SourceDate "2021.10.06"]
[SourceVersion "1"]
[SourceVersionDate "2021.10.06"]
[SourceQuality "1"]

1. e4 e5 2. Bc4 Bc5 3. Nf3 Nc6 4. c3 Nf6 5. d3 a6 6. O-O O-O 7. h3 d6 8. Re1 h6 9. Nbd2 Nh5 10. Nf1 Qf6 11. Be3 Ba7 12. Bxa7 Rxa7 13. Ne3 Nf4 14. Kh2 Na5 15. Nd5 Nxd5 16. Bxd5 c6 17. Bb3 Nxb3 18. axb3 Ra8 19. b4 Be6 20. Qe2 Rfe8 21. d4 exd4 22. Nxd4 Bd7 23. Qf3 Qxf3 24. Nxf3 Re7 25. Rad1 Re6 26. e5 d5 27. c4 Rae8 28. cxd5 cxd5 29. Rxd5 Bc6 30. Rd6 Rxd6 31. exd6 Rxe1 32. Nxe1 Kf8 33. Kg3 f6 34. Kf4 Kf7 35. g3 Ke6 36. Nd3 g6 37. Ke3 Kxd6 38. Kd4 Bd5 39. Nf4 Bf7 40. Ng2 Be6 41. h4 Bd5 42. Ne3 Be6 43. f4 b6 44. Ke4 f5+ 45. Kd4 h5 46. Nd1 Bb3 47. Nf2 Bc2 48. Nh3 Bb3 49. Ng5 Bd5 50. Nh7 Bg8 51. Ng5 Bd5 52. Nh3 Bb3 53. Nf2 Bc2 54. Kc4 Bb1 55. Nd1 Ba2+ 56. Kd4 Bb3 57. Nc3 Ke6 1/2-1/2

[Event "Scarborough CC Spring Into Summer"]
[Site "Toronto CAN"]
[Date "2011.06.30"]
[Round "9"]
[White "Lin, Tony (Juntao)"]
[Black "Song, Michael"]
[Result "1/2-1/2"]
[WhiteElo "2023"]
[BlackElo "2228"]
[PlyCount "71"]
[GameId "2160767909704775"]
[EventDate "2011.04.28"]
[EventType "swiss"]
[EventRounds "9"]
[EventCountry "CAN"]

1. e4 c5 2. Nf3 g6 3. c3 Bg7 4. Be2 Nc6 5. O-O d5 6. d3 Nf6 7. e5 Ng4 8. d4 cxd4 9. cxd4 Nh6 10. Nc3 O-O 11. Qb3 Nf5 12. Rd1 e6 13. Bf4 h6 14. h3 Nh4 15. Bg3 Nxf3+ 16. Bxf3 Kh7 17. Be2 f6 18. f4 fxe5 19. dxe5 Ne7 20. Bd3 Kh8 21. Ne2 Nf5 22. Bxf5 gxf5 23. Nd4 Rf7 24. Kh1 a6 25. Qf3 Rc7 26. Qh5 Bd7 27. Bh4 Qe8 28. Qf3 Qf7 29. Be1 Bf8 30. Bh4 Be7 31. Bxe7 Qxe7 32. Qh5 Kh7 33. Qf3 Rg8 34. Rac1 Bc6 35. Kh2 Rg6 36. Qd3 1/2-1/2